000 00863nam a2200229Ii 4500
003 JO-AjNU
008 230605s9999||||xx |||||||||||||| ||und||
017 _a2020/11/4966
020 _a978-9957-00-816-1
040 _aJO-AjNU
_bara
_erda
_cJO-AjNU
041 _aara
050 1 4 _aLC3969.K4348 2021
100 3 _aالخطيب،جمال، م. مشارك منى الحديدي,
_eauthor
_962056
245 0 0 _aتعليم الطلبة ذوي الاعاقة : دليل المعلم
250 _aط1
264 3 1 _aعمان: دار الشروق اانشر والتوزيع، 2021
300 _a369ص
336 _atext
_btxt
_2rdacontent
337 _aunmediated
_bn
_2rdamedia
338 _avolume
_bnc
_2rdacarrier
650 4 _aالطلاب المعوقين- اساليب التدريس-استراتيجية التعلم- التربية الخاصة
_962057
999 _aA28081
_c31649
_d31649